Problemática en cuanto a la efectiva protección en las situaciones de maltrato a la mujer (Registro nro. 162656)
[ vista simple ]
| 000 -LEADER | |
|---|---|
| fixed length control field | 00974nam a22002297a 4500 |
| 007 - PHYSICAL DESCRIPTION FIXED FIELD--GENERAL INFORMATION | |
| fixed length control field | cr|||| |||| |
| 008 - FIXED-LENGTH DATA ELEMENTS--GENERAL INFORMATION | |
| fixed length control field | 130607e2013 sp |||||s|||| 00||0 spa d |
| 035 ## - | |
| -- | 11256 |
| 040 ## - CATALOGING SOURCE | |
| Original cataloging agency | vLex |
| 090 ## - | |
| -- | 4288 |
| -- | 4288 |
| 100 10 - MAIN ENTRY--PERSONAL NAME | |
| Personal name | Boldó Prats, Gabriela |
| 245 10 - TITLE STATEMENT | |
| Title | Problemática en cuanto a la efectiva protección en las situaciones de maltrato a la mujer |
| Statement of responsibility, etc | / Gabriela Boldó Prats |
| Medium | [Recurso electrónico] |
| 256 ## - | |
| -- | Servicio en línea |
| 260 ## - PUBLICATION, DISTRIBUTION, ETC. (IMPRINT) | |
| Place of publication, distribution, etc | Barcelona : |
| Name of publisher, distributor, etc | Editorial vLex, |
| Date of publication, distribution, etc | 2013 |
| 300 ## - PHYSICAL DESCRIPTION | |
| Extent | 1 Recurso electrónico |
| 506 ## - RESTRICTIONS ON ACCESS NOTE | |
| Authorized users | vLex Global |
| -- | vLex Global (Academic Edition, excluding Law Schools) |
| -- | vLex Global (U.S. Academic Edition, Law Schools) |
| -- | vLex Global (U.S. Academic Edition, excluding Law Schools) |
| -- | vLex Global (Academic Edition, Law Schools) |
| 650 #0 - SUBJECT ADDED ENTRY--TOPICAL TERM | |
| Topical term or geographic name as entry element | Derecho penal |
| Geographic subdivision | España |
| 740 ## - | |
| -- | vLex Libros (Servicio en línea) |
| 856 ## - LOCALIZACIÓN Y ACCESO ELECTRÓNICO | |
| Host name | Acceso restringido |
| Identificador Uniforme del Recurso (URI/URL) | http://www.vlex.es/source/11256 |
| 942 ## - | |
| -- | RAA |
| 999 ## - | |
| -- | 162656 |
| -- | 162656 |
No hay ítems disponibles.